Ekologické hodnotenie využívania podzemných vôd z hydrogeologickej štruktúry juhozápadnej časti Horného vrchu (Slovenský kras)

Bibliographic Details
Main Author: Orvan, Juraj (Author)
Format: Article
Language:Slovak
Subjects:

MARC

LEADER 00000naa a2200000 ar4500
001 vtls009086125
003 SK-MaSNL
005 20260302144107.0
008 250507c2006 xo |r||||||||||00 ||slo
015 |a SNBRA2007/08  |2 snkbucl 
035 |a (uuid)310fb07f-cb72-4c58-9c81-3d45003958aa 
035 |a urn:nbn:sk:snk-abadnw 
035 |a (urnnbn)urn:nbn:sk:snk:ar-008kj3 
038 |a SNKBUCL 
040 |a SNKBUCL  |b slo  |c SNKBUCL  |e AACR2 
041 0 |a slo  |b eng 
044 |a xo  |c SK 
080 |a 551.435.8:556.3  |x (437.6)  |2 2001 
080 |a 551.435.84  |x (437.6)  |2 2001 
080 |a 556.3  |x (437.6)  |2 2001 
100 1 |a Orvan, Juraj  |4 aut  |9 834842 
245 1 0 |a Ekologické hodnotenie využívania podzemných vôd z hydrogeologickej štruktúry juhozápadnej časti Horného vrchu (Slovenský kras)  |c Juraj Orvan 
300 |b Obr. 
504 |a Bibliogr. odkazy 
546 |a Res. angl. 
650 0 7 |a podzemné vody  |2 snkbucl  |9 3610 
650 0 7 |a kras  |2 snkbucl  |9 24815 
650 0 7 |a krasové oblasti  |2 snkbucl  |9 81827 
650 0 7 |a hydrogeológia  |2 snkbucl  |9 3611 
651 7 |a Slovenský kras (Slovensko : pohorie)  |2 snkbucl  |9 14008 
651 7 |a kras Horného vrchu (Slovensko)  |2 snkbucl  |9 164711 
773 0 |t Slovenský kras 44  |d Liptovský Mikuláš : Slovenské múzeum ochrany prírody a jaskyniarstva, 2006  |g S. 161-168  |x 0560-3137  |z 8088924510 
850 |a Slovenská národná knižnica 
852 |a Slovenská národná knižnica 
954 |a odborná, vedecká literatúra pôvodná (slovenská)  |2 lita 
958 |a article14 
958 |a OND 
958 |a NB 
958 |a EUIPO 
999 |c 1347421  |d 1349351